000 01174nam a2200229Ia 4500
001 L170-1582
003 IT-CnALBA
008 170116s9999||||xx |||||||||||||| ||und||
040 _aIT-CnALBA
_cIT-CnALBA
041 _aLATINO
100 _aREINSTADLER DRE SEB.
245 0 _aETHICA.
250 _a13a ed.
260 _aFRIBURGO, WIEN
_bHERDER & C. ED. PONT
_c1929 [1° Ed.:1929 - Ed.Ling.Originale: 1929]
300 _a189 p.
500 _aCONFR. DOCUMENTO 558-559. NATURA DELLA MORALITÀ. DIVERSITÀ TRA BENE E MALE. NORMA DELLA MORALITÀ. MORALITÀ IN GENERALE. PRINCIPI DELLA MORALITÀ. LE LEGGI. LEGGE NATURALE. COSCIENZA. VIRTÙ E VIZI. ETICA SPECIALE. DOVERI VERSO SE STESSI VERSO GLI ALTRI VERS
501 _aSocietà San Paolo EM - Piazza San Paolo, 14 - 12051 ALBA (CN) (non commercial uses only) ® Copyright 2017
520 _aCONFR. DOCUMENTO 558-559. NATURA DELLA MORALITÀ. DIVERSITÀ TRA BENE E MALE. NORMA DELLA MORALITÀ. MORALITÀ IN GENERALE. PRINCIPI DELLA MORALITÀ. LE LEGGI. LEGGE NATURALE. COSCIENZA. VIRTÙ E VIZI. ETICA SPECIALE. DOVERI VERSO SE STESSI VERSO GLI ALTRI VERS
650 _aETICA
942 _cBK
957 _71
999 _a2571
_bSI
_g Copie: 1
_c260808
_d260808